| 000 | 00614cam a2200229 4500 | ||
|---|---|---|---|
| 001 | D1959 | ||
| 008 | 090401t1984 xxu||||| |||| 00| 0 eng d | ||
| 035 | _a(Sirsi) u66708 | ||
| 041 | _aeng | ||
| 050 | _a690.25 | ||
| 110 | _aBuilding Research Establishment | ||
| 245 | _aElectric cables - stripping plastics sheathing. | ||
| 260 |
_aGarston, Watford _bBRE _c1984 |
||
| 300 | _a1 sheet : ill. ; 30cm. | ||
| 350 | _a0 | ||
| 490 |
_aDefect Action Sheet _v48 (Site) |
||
| 490 |
_aDAS _v48 |
||
| 650 | _aELECTRIC CABLES | ||
| 690 | _aBUILT ENVIRONMENT-BUILDING PATHOLOGY | ||
| 942 | _n0 | ||
| 948 | _c04/03/1997 | ||
| 999 |
_c94929 _d94929 |
||